|
|
|
|
| LEADER |
00000nam0a2200000 4500 |
| 001 |
105322 |
| 005 |
20231101214613.0 |
| 010 |
|
|
|a 5814902809
|
| 035 |
|
|
|a (RuTPU)RU\TPU\book\113623
|
| 090 |
|
|
|a 105322
|
| 100 |
|
|
|a 20061115d2005 m y0rusy50 ca
|
| 101 |
0 |
|
|a rus
|
| 102 |
|
|
|a RU
|
| 105 |
|
|
|a a j 001zy
|
| 200 |
1 |
|
|a Технология и оснастка специальных способов обработки металлов давлением
|e учебное пособие
|f В. В. Евстифеев, Е. Н. Меркушев
|g Омский государственный технический университет
|
| 210 |
|
|
|a Омск
|c Изд-во ОмГТУ
|d 2005
|
| 215 |
|
|
|a 192 с.
|c ил.
|
| 320 |
|
|
|a Библиогр. в конце гл.
|
| 330 |
|
|
|a В учебном пособии содержатся материалы для сопровождения дисциплины «Специальные виды обработки металлов давлением», представлены технологии и оснастка наиболее перспективных методов обработки компактных и порошковых материалов давлением. Предназначено для студентов специальности 150201 «Машины и технология обработки металлов давлением», может быть использовано при курсовом и дипломном проектировании, в научно-исследовательской работе студентов.
|
| 606 |
1 |
|
|a Металлообработка давлением
|x Оснастка
|2 stltpush
|3 (RuTPU)RU\TPU\subj\42502
|9 62168
|
| 610 |
1 |
|
|a металлообработка
|
| 610 |
1 |
|
|a металлы
|
| 610 |
1 |
|
|a обработка давлением
|
| 610 |
1 |
|
|a холодная объемная штамповка
|
| 610 |
1 |
|
|a технология
|
| 610 |
1 |
|
|a оснастка
|
| 610 |
1 |
|
|a порошковые материалы
|
| 610 |
1 |
|
|a изделия
|
| 610 |
1 |
|
|a прессование
|
| 610 |
1 |
|
|a кольцевые заготовки
|
| 610 |
1 |
|
|a горячая раскатка
|
| 610 |
1 |
|
|a звездочки
|
| 610 |
1 |
|
|a изготовление
|
| 610 |
1 |
|
|a тепловое прессование
|
| 610 |
1 |
|
|a термические прессы
|
| 610 |
1 |
|
|a цилиндрические шестерни
|
| 610 |
1 |
|
|a зубья
|
| 610 |
1 |
|
|a накатывание
|
| 610 |
1 |
|
|a штамповка взрывом
|
| 610 |
1 |
|
|a магнитно-импульсная обработка
|
| 610 |
1 |
|
|a электрогидроимпульсная штамповка
|
| 610 |
1 |
|
|a учебные пособия
|
| 675 |
|
|
|a 621.73.07(075.8)
|v 3
|
| 700 |
|
1 |
|a Евстифеев
|b В. В.
|g Владислав Викторович
|
| 701 |
|
1 |
|a Меркушев
|b Е. Н.
|g Евгений Николаевич
|
| 712 |
0 |
2 |
|a Омский государственный технический университет
|2 stltpush
|3 (RuTPU)RU\TPU\col\394
|
| 801 |
|
1 |
|a RU
|b 63413507
|c 20061115
|g PSBO
|
| 801 |
|
2 |
|a RU
|b 63413507
|c 20131003
|g PSBO
|
| 942 |
|
|
|c BK
|
| 959 |
|
|
|a 90/20061025
|d 2
|e 182,80
|f ЧЗТЛ:2
|